|
|
|
|
| LEADER |
00000cam a2200000 a 4500 |
| 001 |
vtls001480592 |
| 003 |
SK-MaSNL |
| 005 |
20260301104049.0 |
| 008 |
240226s2003 xo l ernp 000 0 slo |
| 015 |
|
|
|a SNBA2004/10-06078
|
| 020 |
|
|
|a 8080402116
|
| 035 |
|
|
|a SNK000435890
|
| 035 |
|
|
|a urn:nbn:sk:snk-am3j32q
|
| 035 |
|
|
|a 7BCCC940-FB49-4562-A8D4-59382EA05EA6
|
| 035 |
|
|
|a urn:nbn:sk:snk-am00gh79
|
| 040 |
|
|
|a SNK
|b slo
|c SNK
|e AACR2
|
| 041 |
0 |
|
|a slo
|
| 044 |
|
|
|a xo
|c SK
|
| 072 |
|
7 |
|a 531
|x Všeobecná mechanika. Mechanika pevných a tuhých telies
|2 konspekt
|
| 072 |
|
7 |
|a 621
|x Strojárstvo
|2 konspekt
|
| 080 |
|
|
|a 621.867.2(075.8)
|2 1997
|
| 080 |
|
|
|a 531/534
|2 1997
|
| 080 |
|
|
|a 621.867.2
|2 2011
|
| 080 |
|
|
|a 531/534
|2 2011
|
| 080 |
|
|
|a (075.8)
|2 2011
|
| 100 |
1 |
|
|a Droppa, Peter,
|d 1960-
|4 aut
|9 252000
|
| 245 |
1 |
0 |
|a Teória pohybu pásových vozidiel
|c Peter Droppa
|
| 250 |
|
|
|a 1. vyd.
|
| 260 |
|
|
|a Liptovský Mikuláš
|b Vojenská akadémia
|c 2003
|
| 300 |
|
|
|a 171 strán
|b schémy, tabuľky
|c 21 cm
|
| 366 |
|
|
|e 50 kusov
|
| 504 |
|
|
|a Bibliografia na strane 171
|
| 650 |
0 |
7 |
|a pásové dopravníky
|2 SNKPH
|9 50979
|
| 650 |
0 |
7 |
|a mechanika
|2 SNKPH
|9 706
|
| 655 |
|
7 |
|a učebnice vysokých škôl
|2 SNKPH
|9 70191
|
| 919 |
|
|
|a 80-8040-211-6
|
| 958 |
|
|
|a NB
|
| 958 |
|
|
|a OND
|
| 999 |
|
|
|c 697154
|d 699084
|
| 952 |
|
|
|t P60, <03>, [BOOK], {603}
|a SNK
|b SNK
|y PREZ
|7 0
|p 17A0441727
|o snkSC 117079
|i snkKSP 11199/2004
|0 0
|1 0
|4 0
|d 2004-08-26
|f 1
|l 0
|r 2025-10-16 00:00:00
|w 2026-02-23
|
| 952 |
|
|
|t P60, <04>, [BOOK], {604}
|a SNK
|b SNK
|y VYP
|7 0
|p 17A0441726
|o snkSC 117079 D1
|i snkKSP 11200/2004
|0 0
|1 0
|4 0
|d 2004-08-26
|l 0
|r 2005-01-02 00:00:00
|w 2026-02-23
|